Microeconomía intermedia (Registro nro. 26156)

Detalles MARC
000 -ENCABEZADO
Número de control [NR] 01333nam a2200361Ia 4500
005 - FECHA Y HORA DE LA ÚLTIMA TRANSACCIÓN
control field 20211105120332.0
008 - DE LONGITUD FIJA DE DATOS DE ELEMENTOS - INFORMACIÓN GENERAL
Elementos de longitud fija [NR] 130821s2015 sp d fr 1 spa d
020 ## - NUMERO INTERNACIONAL NORMALIZADO PARA LIBROS [R]
ISBN Cancelado/ Invalidado [R] 8485855841
Número Internacional Normalizado del libro [NR] 9799586823660 (5a.Ed.)
020 ## - NUMERO INTERNACIONAL NORMALIZADO PARA LIBROS [R]
Número Internacional Normalizado del libro [NR] 9788495348272 (7a.Ed.)
020 ## - NUMERO INTERNACIONAL NORMALIZADO PARA LIBROS [R]
Número Internacional Normalizado del libro [NR] 9788495348579 (8a.Ed.)
020 ## - NUMERO INTERNACIONAL NORMALIZADO PARA LIBROS [R]
Número Internacional Normalizado del libro [NR] 9788494107634 (9a.Ed.)
020 ## - NUMERO INTERNACIONAL NORMALIZADO PARA LIBROS [R]
ISBN Cancelado/ Invalidado [R] 9789587781052
040 ## - FUENTE DE CATALOGACION [NR]
Agencia de catalogación original [NR] Co-BoUCM
Idioma de catalogación [NR] spa
Quien Cataloga Saul Niño (Modificó)
Quien Clasifica Sandra Palacio (modificó)
041 1# - CODIGO DE IDIOMA [R]
Código de idioma para texto/pista de sonido o título separado [R] Español
100 1# - ASIENTO PRINCIPAL--NOMBRE PERSONAL [NR]
Nombre personal [NR] Varian, Hal Ronald
Fechas asociadas con el nombre [NR] 1947-
ID Autoridad 37983
245 10 - MENCION DE TITULO [NR]
Título [NR] Microeconomía intermedia
Parte restante del título [NR] un enfoque actual
Mención de responsabilidad, etc. [NR] Harl R. Varian ; traducción de María Esther Rabasco y Luis Toharia
250 ## - MENCION DE EDICION [NR]
Mención de edición [NR] 9a ed
260 ## - PUBLICACION, DISTRIBUCION, ETC. (PIE DE IMPRENTA) [R]
Lugar de publicación, distribución, etc. [R] Barcelona (España)
Nombre del editor, distribuidor, etc. [R] Antoni Bosch
Fecha de publicación, distribución, etc. [R] 2015
300 ## - DESCRIPCION FISICA [R]
Extensión [R] xxvi, 835 páginas
Otros detalles físicos [NR] gráficas
504 ## - NOTA DE BIBLIOGRAFIA, ETC. [R]
Nota de bibliografía, etc. [NR] Incluye referencias bibliográficas e índices
650 07 - ASIENTO SECUNDARIO DE MATERIA - TERMINO TEMATICO [R]
Término temático o nombre geográfico como elemento de entrada [NR] Desarrollo económico
9 (RLIN) 438
650 07 - ASIENTO SECUNDARIO DE MATERIA - TERMINO TEMATICO [R]
Término temático o nombre geográfico como elemento de entrada [NR] Microeconomía
9 (RLIN) 19488
650 07 - ASIENTO SECUNDARIO DE MATERIA - TERMINO TEMATICO [R]
Término temático o nombre geográfico como elemento de entrada [NR] Teoría de los juegos
9 (RLIN) 25291
650 07 - ASIENTO SECUNDARIO DE MATERIA - TERMINO TEMATICO [R]
Término temático o nombre geográfico como elemento de entrada [NR] Oligopolio
9 (RLIN) 20733
650 07 - ASIENTO SECUNDARIO DE MATERIA - TERMINO TEMATICO [R]
Término temático o nombre geográfico como elemento de entrada [NR] Teoría de los juegos
9 (RLIN) 25291
650 07 - ASIENTO SECUNDARIO DE MATERIA - TERMINO TEMATICO [R]
Término temático o nombre geográfico como elemento de entrada [NR] Monopolio
9 (RLIN) 19731
650 07 - ASIENTO SECUNDARIO DE MATERIA - TERMINO TEMATICO [R]
Término temático o nombre geográfico como elemento de entrada [NR] Bibliotecas universitarias
9 (RLIN) 10043
690 ## - ASUNTO AGREGADO LOCAL DE ENTRADA - TÉRMINO TEMÁTICO (OCLC, RLIN)
Acceso temático local Microeconomía
9 (RLIN) 19488
700 1# - ASIENTO SECUNDARIO - NOMBRE PERSONAL [R]
Nombre personal [NR] Rabasco Espariz, María Esther
Término de relación [R] traductor
9 (RLIN) 32863
775 ## - ASIENTO DE OTRA EDICION [R]
Lugar, editorial y fecha de publicación [NR] Alfaomega
Número Internacional Normalizado para Publicaciones Seriadas - ISSN [NR] 9789587781052
942 ## - ELEMENTOS DE ENTRADA AGREGADOS (KOHA)
Tipo de ítem principal el descrito en 300a Libro
Tema principal Economía
Edición 9
Parte restante de la signatura top. V299m
Sistema de clasificación DEWEY
Clasificación 338.5
Existencias
Fecha de último préstamo Total préstamos Total Renewals Signatura topográfica Código de barras Última vez visto Volúmen / Fascículo Ejemplar Price effective from Tipo de ítem Perdido Sistema de clasificación Dañado No prestable Tipo de ítem específico Suprimido Ubicación habitual Ubicación actual Localización Fecha de creación Forma de adquisición Costo Nota pública (OPAC) Costo de reposición Proveedor
23/10/2019 267 5 338.5 V299m 100049511 03/07/2021 4a.Ed. Ej.1 03/02/2013 Libro   DEWEY     Libro   Bodega Bodega Préstamo 4 días después de solicitado 28/02/2003 Compra 70000.00      
24/01/2018 348 22 338.5 V299m 100059276 03/07/2021 5a.Ed. Ej.1 03/02/2013 Libro   DEWEY     Libro   Bodega Bodega Préstamo 4 días después de solicitado 28/02/2003 Compra 65500.00      
04/03/2020 133 54 338.5 V299m 100112638 03/07/2021 7a.Ed. Ej.16 03/02/2013 Libro   DEWEY     Libro   Bodega Bodega Préstamo 4 días después de solicitado 28/02/2013 Compra 86110.00      
10/02/2025 82 50 338.5 V299m 100127118 13/05/2026 8a.Ed. Ej.3 03/02/2013 Libro   DEWEY     Libro   Claustro Claustro Mezanine 28/02/2013 Compra 150000.00 Colección Fundamentos    
20/02/2025 66 73 338.5 V299m 100148175 08/05/2026 8a.Ed. Ej.1 09/11/2015 Libro         Libro   Claustro Claustro Mezanine 09/11/2015 Compra 110500.00 Colección Fundamentos 110500.00 10
17/04/2017 1   338.5 V299m 100148878 03/12/2025 9a.Ed. Ej.1 09/03/2016 Libro de reserva   DEWEY     Libro de reserva   Claustro Claustro Mezanine 09/03/2016 Donación 0.00   26000.00 12
02/03/2026 50 61 338.5 V299m 100151444 20/05/2026 9a.Ed. Ej.2 31/10/2016 Libro         Libro   Claustro Claustro Mezanine 31/10/2016 Compra 102713.00 Colección Fundamentos 102713.00 37
21/02/2026 45 41 338.5 V299m 100152475 20/05/2026 8a.Ed. Ej.2 17/03/2017 Libro         Libro   Claustro Claustro Mezanine 17/03/2017 Donación 0.00 Colección Fundamentos 26000.00 12
04/03/2025 40 48 338.5 V299m 100153288 25/03/2026 8a.Ed. Ej.6 07/06/2017 Libro   DEWEY     Libro   Claustro Claustro Mezanine 07/06/2017 Donación 0.00 Colección Fundamentos 26000.00 12
04/02/2026 30 42 338.5 V299m 100156026 30/04/2026 9a.Ed. Ej.4 12/12/2017 Libro         Libro   Claustro Claustro Mezanine 12/12/2017 Compra 79200.00 Colección Fundamentos 79200.00 132
31/01/2025 31 35 338.5 V299m 100156025 03/12/2025 9a.Ed. Ej.3 12/12/2017 Libro   DEWEY     Libro   Claustro Claustro Mezanine 12/12/2017 Compra 79200.00 Colección Fundamentos 79200.00 132
08/09/2025 28 16 338.5 V299m 100159974 03/12/2025 9a.Ed. Ej.6 09/05/2019 Libro   DEWEY     Libro   Claustro Claustro Mezanine 09/05/2019 Compra 96900.00 Colección Fundamentos 96900.00 37
09/05/2025 25 22 338.5 V299m 100159975 03/12/2025 9a.Ed. Ej.7 09/05/2019 Libro   DEWEY     Libro   Claustro Claustro Mezanine 09/05/2019 Compra 96900.00 Colección Fundamentos 96900.00 37
22/04/2026 22 22 338.5 V299m 100159976 28/05/2026 9a.Ed. Ej.8 09/05/2019 Libro   DEWEY     Libro   Claustro Claustro Mezanine 09/05/2019 Compra 96900.00 Colección Fundamentos 96900.00 37
14/09/2016 21 28 338.5 V299m 100131412 10/12/2025 8a.Ed. Ej.5 03/02/2013 Libro   DEWEY     Libro   Sede del emprendimiento y la innovación Sede del Emprendimiento, Innovación y Creación 1er piso 28/02/2013 Compra 117000.00